000 00574nam a22001817a 4500
003 UA-OsUOA
001 17687
007 ta
008 20040322b un ||||| |||| 00| 0 ukr d
100 _aКиричук І.
942 _cSA
040 _aUA-OsUOA
_cUA-OsUOA
_dUA-OsUOA
245 _aТворчий звіт школи: [Творч. звіт Радивилів. ЗНЗ І-ІІІ ст. №2]
300 _aС.3
955 _a0
773 0 _w0
_tПрапор перемоги
_dРадивилів
_d2004
_g№17/18/27 лют./
650 7 _aКраєзнавча робота
_2UDC
999 _c303855
_d303855